El guerrero y los centauros : (Registro nro. 48355)

Detalles MARC
000 -LEADER
fixed length control field 01094nam a2200289 4500
001 - CONTROL NUMBER
control field 0000022429
003 - CONTROL NUMBER IDENTIFIER
control field CO-CtgCURN
005 - DATE AND TIME OF LATEST TRANSACTION
control field 20250506215345.0
008 - FIXED-LENGTH DATA ELEMENTS--GENERAL INFORMATION
fixed length control field 160627s2010 000 0 eng d
020 ## - INTERNATIONAL STANDARD BOOK NUMBER
International Standard Book Number 9789583033827
040 ## - CATALOGING SOURCE
Original cataloging agency CO-CtgCURN
Language of cataloging spa
Transcribing agency coctgcurn
082 0# - DEWEY DECIMAL CLASSIFICATION NUMBER
Classification number 923.586
Item number B296
100 1# - MAIN ENTRY--PERSONAL NAME
Personal name Bastidas Padilla, Carlos.
245 13 - TITLE STATEMENT
Title El guerrero y los centauros :
Remainder of title la vida del general Santander /
Statement of responsibility, etc. Carlos Bastidas Padilla, ilustraciones de Andres Rodríguez Moreno.
250 ## - EDITION STATEMENT
Edition statement 1a ed.
260 ## - PUBLICATION, DISTRIBUTION, ETC.
Place of publication, distribution, etc. Bogotá :
Name of publisher, distributor, etc. Panamericana Editorial,
Date of publication, distribution, etc. 2010.
300 ## - PHYSICAL DESCRIPTION
Extent 261 p.
336 ## - CONTENT TYPE
Source rdacontent
337 ## - MEDIA TYPE
Source rdamedia
Media type term sin mediacion
Media type code n
338 ## - CARRIER TYPE
Source rdacarrier
Carrier type term volumen
Carrier type code nc
490 1# - SERIES STATEMENT
Series statement Literatura juvenil
505 8# - FORMATTED CONTENTS NOTE
Formatted contents note Una historia de amor.--℗ʺQuien le pone el cascabel al gato?.--Santander en los Llanos Orientales.--Orinoco arriba, hacia la gloria
650 #0 - SUBJECT ADDED ENTRY--TOPICAL TERM
Topical term or geographic name entry element Santander, Francisco de Paula
General subdivision Biografia
Chronological subdivision 1792-1840.
908 ## - PUT COMMAND PARAMETER (RLIN)
Put command parameter 160627
942 ## - ADDED ENTRY ELEMENTS (KOHA)
Koha item type Libros
Classification part 923.586
Item part B296
Source of classification or shelving scheme Dewey Decimal Classification
999 ## - SYSTEM CONTROL NUMBERS (KOHA)
-- 1
Existencias
Withdrawn status Lost status Source of classification or shelving scheme Damaged status Not for loan Collection Home library Current library Shelving location Date acquired Inventory number Total checkouts Full call number Barcode Date last seen Price effective from Koha item type Public note
    Dewey Decimal Classification     General Miguel Henríquez Castañeda Miguel Henríquez Castañeda General 03/04/2019 014765   923.586 B296 014765 03/04/2019 03/04/2019 Libros 920-BIO.GE